00509cam a2200193 a 45000010009000000050017000090080041000260100017000670200032000840200022001160200023001380400023001610410008001840800016001920820020002081000007002281010008002352450072002431374524320180109071458.0041008s2006 maua 000 0 eng  a 2004060975 a0072524952 (acidfree paper) a0073104639 (pkg.) a0073080136 (CDROM) aDLCbengcDLCdDLC aeng a530.141 WIL00a530.141 WIL2221 a27 aENG10aEngineering electromagnetics /cWilliam H. Hayt, Jr., John A. Buck.